100 فكرة ولعبة لصف مليء بالتفاعل والنشاط / (رقم التسجيلة. 139738)

تفاصيل مارك
000 -الفاتح
عناصر البيانات ثابتة الطول 00777cam a2200217 i 4500
005 - تاريخ ووقت آخر معاملة
حقل ضبط 20260202103557.0
008 - عناصر البيانات ثابتة الطول
عناصر البيانات ثابتة الطول 250721s2017 jo gr 000 0 ara d
020 ## - الترقيم الدولي المعياري للكتب (ردمك)
الترقيم الدولي المعياري للكتب (ردمك) 9789957309633
082 14 - رقم تصنيف ديوي العشري
رقم التصنيف 371.3
رقم المادة ع و د
100 1# - مدخل رئيسي – اسم شخصي
الاسم الشخصي عودة، شيماء
علاقة الشخص بالعمل/ دوره مؤلف.
245 10 - بيان العنوان
العنوان 100 فكرة ولعبة لصف مليء بالتفاعل والنشاط /
بيان المسؤولية الباحثة شيماء عودة.
250 ## - بيان الطبعة
بيان الطبعة الطبعة الاولى.
264 31 - بيانات النشر، التوزيع…إلخ
مكان النشر، التوزيع...إلخ عمان :
اسم الناشر، الموزع...إلخ فضاءات للنشر والتوزيع،
تاريخ النشر، التوزيع...إلخ 2017.
300 ## - الوصف المادي
عدد الوحدات المكونة للوعاء 227 صفحة.
650 17 - مدخل إضافي بالموضوع - مصطلح موضوعي
مصطلح موضوعي أو اسم جغرافي كعنصر مدخل طرق التعلم.
650 17 - مدخل إضافي بالموضوع - مصطلح موضوعي
مصطلح موضوعي أو اسم جغرافي كعنصر مدخل اساليب التدريس.
650 17 - مدخل إضافي بالموضوع - مصطلح موضوعي
مصطلح موضوعي أو اسم جغرافي كعنصر مدخل الالعاب التعليمية.
650 17 - مدخل إضافي بالموضوع - مصطلح موضوعي
مصطلح موضوعي أو اسم جغرافي كعنصر مدخل اللعب ( تدريس).
942 ## - بيانات إضافية (كوها)
نوع التنصيف Dewey Decimal Classification
نوع المادة (كوها) كتب
المقتنيات
حالة السحب حالة الفقدان مصدر التصنيف حالة التلف غير قابل للإعارة المكتبة الرئيسية المكتبة الحالية موقع الرف تاريخ التزويد الرقم المتسلسل Total Checkouts رقم الإستدعاء الباركود تاريخ آخر ظهور تاريخ الفاتورة نوع المادة (كوها)
    Dewey Decimal Classification     المكتبة المركزية المكتبة المركزية الإعارة 28/07/2025 1703120   371.3/عود PLD00446990 28/07/2025 28/07/2025 كتب
    Dewey Decimal Classification     المكتبة المركزية المكتبة المركزية الإعارة 04/04/2019 1703121   371.3 / ع و د PLD00448594 28/07/2025 04/04/2019 كتب
    Dewey Decimal Classification     المكتبة المركزية المكتبة المركزية مقتنيات قسم التزويد 28/07/2025 1703122   371.3/عود   28/07/2025 28/07/2025 كتب
    Dewey Decimal Classification     المكتبة المركزية المكتبة المركزية مقتنيات قسم التزويد 28/07/2025 1703123   371.3/عود   28/07/2025 28/07/2025 كتب
    Dewey Decimal Classification     المكتبة المركزية المكتبة المركزية مقتنيات قسم التزويد 28/07/2025 1703124   371.3/عود   28/07/2025 28/07/2025 كتب
    Dewey Decimal Classification     المكتبة المركزية المكتبة المركزية مقتنيات قسم التزويد 28/07/2025 1703125   371.3/عود   28/07/2025 28/07/2025 كتب
    Dewey Decimal Classification     المكتبة المركزية المكتبة المركزية مقتنيات قسم التزويد 28/07/2025 1703126   371.3/عود   28/07/2025 28/07/2025 كتب
    Dewey Decimal Classification     المكتبة المركزية المكتبة المركزية مقتنيات قسم التزويد 28/07/2025 1703127   371.3/عود   28/07/2025 28/07/2025 كتب
    Dewey Decimal Classification     المكتبة المركزية المكتبة المركزية مقتنيات قسم التزويد 28/07/2025 1703128   371.3/عود   28/07/2025 28/07/2025 كتب
    Dewey Decimal Classification     المكتبة المركزية المكتبة المركزية مقتنيات قسم التزويد 28/07/2025 1703130   371.3/عود   28/07/2025 28/07/2025 كتب
    Dewey Decimal Classification     المكتبة المركزية المكتبة المركزية مقتنيات قسم التزويد 28/07/2025 1703131   371.3/عود   28/07/2025 28/07/2025 كتب
    Dewey Decimal Classification     المكتبة المركزية المكتبة المركزية مقتنيات قسم التزويد 28/07/2025 1703132   371.3/عود   28/07/2025 28/07/2025 كتب
    Dewey Decimal Classification     المكتبة المركزية المكتبة المركزية مقتنيات قسم التزويد 28/07/2025 1703133   371.3/عود   28/07/2025 28/07/2025 كتب
    Dewey Decimal Classification     مكتبة أبو علندا العامة مكتبة أبو علندا العامة الإعارة 04/04/2019 1703136   371.3/عود PLD00448597 28/07/2025 04/04/2019 كتب
    Dewey Decimal Classification     مكتبة أم قصير والمقابلين العامة مكتبة أم قصير والمقابلين العامة الإعارة 04/04/2019 1703138   371.3/عود PLD00448599 28/07/2025 04/04/2019 كتب
    Dewey Decimal Classification     مكتبة البراعم الواعدة مكتبة البراعم الواعدة الإعارة 04/04/2019 1703144   371.3/عود PLD00448605 28/07/2025 04/04/2019 كتب
    Dewey Decimal Classification     مكتبة الجويدة مكتبة الجويدة الإعارة 04/04/2019 1703137   371.3/عود PLD00448598 28/07/2025 04/04/2019 كتب
    Dewey Decimal Classification     مكتبة الحسن العامة مكتبة الحسن العامة الإعارة 04/04/2019 1703135   371.3/عود PLD00448596 28/07/2025 04/04/2019 كتب
    Dewey Decimal Classification     مكتبة بيت السينما مكتبة بيت السينما الإعارة 04/04/2019 1703142   371.3/عود PLD00448603 28/07/2025 04/04/2019 كتب
    Dewey Decimal Classification     مكتبة صويلح العامة مكتبة صويلح العامة الإعارة 04/04/2019 1703134   371.3/عود PLD00448595 28/07/2025 04/04/2019 كتب
Implemented & Customized by: BBB with SCIT (Smart Chains for Information Technology)

Powered by Koha